00978nam a2200265 a 4500999001500000005001700015008004100032040002500073041000800098082001200106090001400118110007800132245010700210260002500317300001100342650003500353650002400388650003000412650002100442650002600463650003600489650003800525942001500563952013400578 c3388d338820200521170856.0200521b ||||| |||| 00| 0 spa d aCO-BoIAVHcCO-BoIAVH aeng a664.804 aLBb03154 bCentre for the Promotion of Imports from Developing Countries, CBI918289 aDried fruit and edible nutsba survey of the Netherlands and other major markets in the European Union aRotterdambCBIc1999 a161 p. aComercio internacional9103105 aFrutas secas992306 aNueces comestibles992307 aMercadeo9103106 aUnión Europea94258 aLegislación ambiental9103107 aCertificación ambiental9103108 cLIBRO2ddc 00102z40708GENERALaVillabVillad2003-05-28eBiocomerciol0oLB-03154p005382r2012-12-04 00:00:00tEj. 1w2012-12-04yLIBRO